000 00274nam a2200109Ia 4500
008 231212s1982 xx 000 0 und d
041 _aeng
082 _a621.3817
100 _aLeventhal L.A.
245 _aIntroduction To Microprocessor
260 _aNew Delhi
_bMcGrowh
_c1982
999 _c958716
_d958716